000 00715nam a2200265Ia 4500
005 20260302114826.0
008 008 260114s9999 xx 000 0 eng d
020 _a9781501365560
037 _aTextbook
040 _aCRL
040 _beng
040 _cCRL
041 _2eng
041 _aeng
084 _qCRL
100 _aMaría J. López and Pilar Villar-Argáiz
_91119875
245 0 _aSecrecy and Community in 21st-Century Fiction
260 _bBloomsbury
260 _bBloomsbury Academic
260 _c2021
650 _aLiterary Studies
856 _uhttps://doi.org/10.5040/9781501365560?locatt=label:secondary_bloomsburyCollections
942 _cEBOOK
999 _c1683972
_d1683972